| 000 | 00550nam a2200169 i 4500 | ||
|---|---|---|---|
| 001 | 119413 | ||
| 003 | ES-MaACL | ||
| 005 | 20230906191318.0 | ||
| 007 | t| | ||
| 008 | 070214s1906 sp r ||||1| spa d | ||
| 100 | 1 |
_aPérez Jiménez, Nicolás. _990954 |
|
| 245 | 1 | 0 |
_aHistoria del Estado de Capilla / _cpor Nicolás Pérez Jiménez. |
| 260 |
_aCáceres : _b[s.n.], _c1906 ( _fImp. y Lib. de Jiménez) |
||
| 300 |
_a57 p. ; _c24 cm. |
||
| 651 | 4 |
_aCáceres- _xHistoria. _9146014 |
|
| 852 |
_aES-MaACL _jT-1360-F-4 _z.- Dedicatoria manuscrita del autor |
||
| 999 |
_c119413 _d119413 |
||